| 000 | 00676nam a2200205 i 4500 | ||
|---|---|---|---|
| 001 | bg | ||
| 100 | 1 |
_aFeuerbach, Ludwig _d(1804-1872). |
|
| 245 | 0 |
_aWybór pism. _nT. 1, _pMyśli o śmierci i nieśmiertelności / _cLudwik Feuerbach ; przeł. [z niem.] Krystyna Krzemieniowa i Mirosław Skwieciński. |
|
| 260 |
_aWarszawa : _bPaństwowe Wydaw. Naukowe, _c1988. |
||
| 300 |
_aLXI, 488 s. ; _c20 cm. |
||
| 490 | 1 | _aBiblioteka Klasyków Filozofii | |
| 830 | _aBiblioteka Klasyków Filozofii | ||
| 020 | _a8301072040 | ||
| 040 | _cBPK | ||
| 041 | _apol | ||
| 080 | _a1A/Z:291](081) | ||
| 920 | _a83-01-07204-0 | ||
| 942 | _cKS | ||
| 008 | s pl f |000 0 pol | ||
| 999 |
_c23872 _d23872 |
||
| 856 |
_uhttp://koha.tu.koszalin.pl/cgi-bin/koha/opac-detail.pl?biblionumber=23872 _yKatalog online BPK |
||